Good urbanism six steps to creating prosperous places (Record no. 5914)

000 -LEADER
fixed length control field 00283nam a2200109Ia 4500
008 - FIXED-LENGTH DATA ELEMENTS--GENERAL INFORMATION
fixed length control field 200302s9999 xx 000 0 und d
100 ## - MAIN ENTRY--PERSONAL NAME
Personal name Nan Ellin
245 ## - TITLE STATEMENT
Title Good urbanism six steps to creating prosperous places
260 ## - PUBLICATION, DISTRIBUTION, ETC.
Name of publisher, distributor, etc. Island Press Publishing
260 ## - PUBLICATION, DISTRIBUTION, ETC.
Date of publication, distribution, etc. 2013
300 ## - PHYSICAL DESCRIPTION
Extent 164
Holdings
Withdrawn status Lost status Damaged status Not for loan Permanent Location Current Location Date acquired Cost, normal purchase price Total Checkouts Full call number Barcode Date last seen Date last checked out Price effective from Koha item type
        BMS College of Architecture, Design and Planning BMS College of Architecture, Design and Planning 2020-03-03 4669.00 1 307.1216 AR-PG11 2023-10-13 2023-09-20 2020-03-03 PG Books
Copyright © 2025, The Librarian, Library and Information Centre, BMSCA D&P, Bengaluru. All Rights Reserved
web counter

Powered by Koha